Toán cao cấp T.2 Đại số tuyến tính - Phương trình vi phân
Uloženo v:
| Hlavní autor: | |
|---|---|
| Médium: | Kniha |
| Jazyk: | Vietnamese |
| Vydáno: |
Tp. Hồ Chí Minh
Đại học Quốc gia TP Hồ Chí Minh
2000
|
| Témata: | |
| Tagy: |
Přidat tag
Žádné tagy, Buďte první, kdo otaguje tento záznam!
|
| Thư viện lưu trữ: | Mạng thư viện Đại học Đà Nẵng |
|---|
| LEADER | 01057nam a2200313 4500 | ||
|---|---|---|---|
| 001 | 000007752 | ||
| 003 | 3917 | ||
| 005 | 20111011111052.0 | ||
| 008 | 111011s2000 viesd | ||
| 020 | |c 19000đ | ||
| 041 | 0 | |a vie | |
| 082 | |a 510 |b ĐÂ-C | ||
| 100 | 0 | |a Đậu Thế Cấp | |
| 245 | 1 | 0 | |a Toán cao cấp |c Đậu Thế Cấp |n T.2 |p Đại số tuyến tính - Phương trình vi phân |
| 260 | |a Tp. Hồ Chí Minh |b Đại học Quốc gia TP Hồ Chí Minh |c 2000 | ||
| 300 | |a 273 tr. |c 21 cm | ||
| 653 | |a Toán cao cấp | ||
| 773 | |t Toán cao cấp |w 3900 | ||
| 910 | |a Duyên | ||
| OWN | |a LSP | ||
| AVA | |a UDN50 |b LSP |d 510 ĐÂ-C |e available |t Error 5001 Not defined in file expand_doc_bib_avail. |f 3 |g 0 |h N |i 0 |k 1 | ||
| 999 | |a From the UDN01 | ||
| AVA | |a UDN50 |b LSP |d 510 ĐÂ-C |e available |t Error 5001 Not defined in file expand_doc_bib_avail. |f 3 |g 0 |h N |i 0 |k 1 | ||
| TYP | |a Monograph | ||
| TYP | |a Printed language | ||
| 980 | |a Mạng thư viện Đại học Đà Nẵng | ||